Statistiques concernant Les plus grandes villes sur l'Oise

Cliquez ici pour prendre le quiz!

Statistiques générales

  • Ce quiz a été pris 79 fois
  • Le résultat moyen est 7 sur 17

Statistiques - réponses

Population (2015)Ville sur l'Oise% Correct
33,700Creil
85%
39,500Compiègne
82%
12,300Pont-Sainte-Maxence
58%
13,600Noyon
52%
58,300Cergy
48%
19,000Nogent-sur-Oise
47%
12,600Montataire
45%
29,900Pontoise
45%
35,600Conflans-Sainte-Honorine
33%
14,100Tergnier
32%
11,800Chauny
30%
10,800Persan
26%
11,900L'Isle-Adam
23%
23,700Saint-Ouen-l'Aumône
21%
16,900Eragny
18%
16,400Jouy-le-Moutier
15%
16,200Vauréal
15%

Distribution des résultats

Percentile par nombre de réponses

% des personnes avec chaque résultat

Votre développement - résultats

Vous n’avez pas pris ce quiz